Statistics for Boom Clap - Charli XCX - All Lyrics

Click here to take the quiz!

General Stats

  • This quiz has been taken 35 times
  • The average score is 325 of 390

Answer Stats

Answer% Correct
a
100%
And
100%
and
100%
Boom,
100%
boom,
100%
Boom
100%
clap
100%
clap,
100%
oh
100%
on
100%
be
97%
heart
97%
so
97%
the
97%
The
97%
goes
94%
my
94%
sound
94%
beat
91%
me
91%
me,
91%
of
91%
to
91%
you
91%
You
91%
Come
88%
come
88%
I
88%
feel
84%
good
84%
make
84%
love
75%
love,
75%
your
75%
No
72%
no
72%
now
69%
like
63%
You’re
63%
You're
63%
you're
63%
in
59%
just
59%
Just
59%
This
56%
must
53%
do
50%
are
47%
I’ll
47%
kiss
47%
Under
47%
under
47%
up
47%
what
47%
all
44%
Could
44%
drug
44%
perfect
44%
picture
44%
as
41%
blue
41%
First
41%
gold
41%
influence
41%
magic
38%
moon
38%
sun,
38%
with
38%
dress
34%
halo
34%
let
34%
lose
34%
or
34%
right
34%
shadow
34%
silver
34%
tell
34%
bones
31%
light
31%
shining
31%
Sunbathing
31%
veins
31%
will
31%
into
28%
Stars
28%
world
28%
darkness
25%
fall
25%
follow
25%
illuminate
25%
burning
22%
glitter
22%
over,
22%
take
22%
We’re
22%
going
19%
keep
19%
say
19%
spell,
16%
cast
13%
glowing
13%
word
13%

Score Distribution

Percentile by Number Answered

Percent of People with Each Score

Your Score History

You have not taken this quiz